El rostro y el texto: La unidad de ética y hermenéutica

Збережено в:
Бібліографічні деталі
Автор: Sucasas, Alberto
Формат: Книга
Мова:Undetermined
Опубліковано: Barcelona, España Editorial Rubí 2001
Предмети:
Теги: Додати тег
Немає тегів, Будьте першим, хто поставить тег для цього запису!

MARC

LEADER 00000nam a2200000Ia 4500
008 170316s9999 xx 000 0 und d
090 |a 100 S-70.1r 
100 |a Sucasas, Alberto 
245 |a El rostro y el texto: La unidad de ética y hermenéutica 
260 |a Barcelona, España 
260 |b Editorial Rubí 
260 |c 2001 
300 |a 271 páginas 
650 |a FILOSOFÍA 
650 |a ÉTICA SOCIAL 
650 |a HERMENÉUTICA 
650 |a HETERONOMIA 
650 |a AUTONOMIA 
999 |c 17718  |d 17718 
040 |a cru BVZT 
942 |c 15 D  |h 100 S-70.1r  |2 z